Central Library OPAC University of Rajshahi

Poor relations / (Record no. 82950)

MARC details
000 -LEADER
fixed length control field 00895nam a2200229 i 4500
001 - CONTROL NUMBER
control field 82950
003 - CONTROL NUMBER IDENTIFIER
rucl marc code BD-RjUL
005 - DATE AND TIME OF LATEST TRANSACTION
control field 20240205122321.0
008 - FIXED-LENGTH DATA ELEMENTS--GENERAL INFORMATION
fixed length control field 240205s1919 enk 000 1 eng d
035 ## - SYSTEM CONTROL NUMBER
System control number (BD-RjUL)82950
040 ## - CATALOGING SOURCE
Original cataloging agency NNL
Transcribing agency BNG
Modifying agency AZS
-- OCLCG
Language of cataloging eng
041 ## - LANGUAGE CODE
Language code of text/sound track or separate title eng
082 ## - DEWEY DECIMAL CLASSIFICATION NUMBER
Classification number 823
Author mark and year MAP 1919
100 1# - MAIN ENTRY--PERSONAL NAME
Personal name Mackenzie, Compton,
Dates associated with a name 1883-1972
9 (RLIN) 11451
245 10 - TITLE STATEMENT
Title Poor relations /
Statement of responsibility, etc. by Compton Mackenzie.
260 ## - PUBLICATION, DISTRIBUTION, ETC. (IMPRINT)
Place of publication, distribution, etc. London :
Name of publisher, distributor, etc. Hutchinson,
Date of publication, distribution, etc. 1919.
300 ## - PHYSICAL DESCRIPTION
Pagination 314 pages ;
Size 19 cm.
500 ## - GENERAL NOTE
General note Some of the copies of this book were looted by the Nazis during the Holocaust and reached the National Library as part of the 'Diaspora Treasures project'.
General note חלק מהעותקים נבזזו על ידי הנאצים בשואה והגיעו לספרייה הלאומית בעזרת מפעל ‘אוצרות הגולה’.
942 ## - ADDED ENTRY ELEMENTS (KOHA)
Source of classification or shelving scheme Dewey Decimal Classification
Koha item type Books
990 ## - EQUIVALENCES OR CROSS-REFERENCES [LOCAL, CANADA]
Link information for 9XX fields universities
Holdings
Lost status Source of classification or shelving scheme Damaged status Not for loan Collection code Permanent Location Current Location Shelving location Date acquired Total Checkouts Full call number Date last seen Copy number Koha item type
  Dewey Decimal Classification   Not For Loan Fiction Central Library, University of Rajshahi Central Library, University of Rajshahi Reading Room 05/02/2024   823 MAP 1919 05/02/2024 C-1 Books